<?xml version="1.0" encoding="UTF-8"?>
<record
    xmlns:xsi="http://www.w3.org/2001/XMLSchema-instance"
    xsi:schemaLocation="http://www.loc.gov/MARC21/slim http://www.loc.gov/standards/marcxml/schema/MARC21slim.xsd"
    xmlns="http://www.loc.gov/MARC21/slim">

  <leader>00469nam  22001693  4500</leader>
  <controlfield tag="001">32525</controlfield>
  <datafield tag="090" ind1=" " ind2=" ">
    <subfield code="a">32525</subfield>
  </datafield>
  <datafield tag="100" ind1=" " ind2=" ">
    <subfield code="a">20260309d        u||y0pory50      ba</subfield>
  </datafield>
  <datafield tag="101" ind1=" " ind2=" ">
    <subfield code="a">por</subfield>
  </datafield>
  <datafield tag="200" ind1=" " ind2=" ">
    <subfield code="a">Semin&#xE1;rio: O mar: que forma&#xE7;&#xE3;o?</subfield>
    <subfield code="f">Escola das Marinhas de Com&#xE9;rcio e Pescas, Escola N&#xE1;utica Infante D. Henrique</subfield>
  </datafield>
  <datafield tag="210" ind1=" " ind2=" ">
    <subfield code="a">Odivelas</subfield>
    <subfield code="c">Eper</subfield>
  </datafield>
  <datafield tag="215" ind1=" " ind2=" ">
    <subfield code="a">282 p.</subfield>
    <subfield code="d">21 cm</subfield>
  </datafield>
  <datafield tag="317" ind1=" " ind2=" ">
    <subfield code="5">IPMA</subfield>
  </datafield>
  <datafield tag="500" ind1=" " ind2=" ">
    <subfield code="a">Semin&#xE1;rio: O Mar: Que Forma&#xE7;&#xE3;o?</subfield>
  </datafield>
  <datafield tag="606" ind1=" " ind2=" ">
    <subfield code="x">Mar</subfield>
    <subfield code="9">23703</subfield>
  </datafield>
  <datafield tag="801" ind1=" " ind2=" ">
    <subfield code="g">ISBD</subfield>
  </datafield>
  <datafield tag="942" ind1=" " ind2=" ">
    <subfield code="n">0</subfield>
  </datafield>
  <datafield tag="995" ind1=" " ind2=" ">
    <subfield code="1">0</subfield>
    <subfield code="4">ESTANTE_2_PRAT_1_000000000000000</subfield>
    <subfield code="5">2026-03-09</subfield>
    <subfield code="6">10219</subfield>
    <subfield code="9">32497</subfield>
    <subfield code="a">IPMA_SE</subfield>
    <subfield code="c">IPMA_SE</subfield>
    <subfield code="k">Estante 2, Prat 1</subfield>
    <subfield code="n">2026-03-09</subfield>
    <subfield code="o">0</subfield>
    <subfield code="r">MON</subfield>
  </datafield>
</record>
